Map of the US Missing the 10 Largest States - Statistics

General Stats
  • This quiz has been taken 43 times
  • The average score is 10 of 10
Answers on the Map
Answers color-coded by a green-red scale on the quiz's map according to % correct below.
 
Answer Stats
Answer % Correct
Alaska
100%
California
100%
Nevada
100%
Texas
100%
Colorado
97%
New Mexico
97%
Oregon
97%
Wyoming
97%
Arizona
95%
Montana
95%
No matching quizzes found
Score Distribution
Percent of People with Each Score
Percentile by Number Answered
Your Score History
You have not taken this quiz